[Event "NOR-chT Clubs"]
[Site "Drammen"]
[Date "2022.05.26"]
[Round "2"]
[White "Agdestein, Pal"]
[Black "Digernes, Mikael"]
[Result "0-1"]
[WhiteElo "1877"]
[BlackElo "1667"]
[PlyCount "76"]
[EventDate "2022.05.26"]
[EventType "team-swiss"]
[EventRounds "6"]
[EventCountry "NOR"]
[SourceTitle "EXT 2024"]
[Source "ChessBase"]
[SourceDate "2023.10.10"]
[SourceVersion "1"]
[SourceVersionDate "2023.10.10"]
[SourceQuality "1"]
[WhiteTeam "Asker Elite"]
[BlackTeam "Nittedal"]
[WhiteTeamCountry "NOR"]
[BlackTeamCountry "NOR"]

1. c4 Nf6 2. g3 e6 3. Bg2 c5 4. d3 Nc6 5. Nf3 Be7 6. 0-0 0-0 7. b3 d5 8. Nc3 a6 9. e4 d4 10. Ne2 e5 11. h3 b5 12. Nh2 Bd6 13. f4 bxc4 14. bxc4 Rb8 15. Nf3 Nh5 16. f5 Re8 17. Nh2 g6 18. Ng4 Bf8 19. Bh6 Be7 20. Bf3 Ng7 21. f6 Bxf6 22. Qc1 Bxg4 23. Bxg4 Ne6 24. h4 Nb4 25. Rf3 Bg7 26. Kg2 Bxh6 27. Qxh6 Nc2 28. Kh2 Nxa1 29. Qc1 Qa5 30. Qxa1 Qd2 31. Qf1 Rb7 32. Kh3 h5 33. Bxe6 Rxe6 34. Rf2 Qxd3 35. Qg2 Rb2 36. Nc1 Rxf2 37. Qxf2 Qxe4 38. Kh2 Kg7 0-1

[Event "NOR-chT Clubs"]
[Site "Drammen"]
[Date "2022.05.26"]
[Round "5"]
[White "Digernes, Mikael"]
[Black "Nizar, Siako"]
[Result "1-0"]
[WhiteElo "1667"]
[BlackElo "1738"]
[PlyCount "45"]
[EventDate "2022.05.26"]
[EventType "team-swiss"]
[EventRounds "6"]
[EventCountry "NOR"]
[SourceTitle "EXT 2024"]
[Source "ChessBase"]
[SourceDate "2023.10.10"]
[SourceVersion "1"]
[SourceVersionDate "2023.10.10"]
[SourceQuality "1"]
[WhiteTeam "Nittedal"]
[BlackTeam "Fredriksstad II"]
[WhiteTeamCountry "NOR"]
[BlackTeamCountry "NOR"]

1. e4 Nf6 2. e5 Nd5 3. d4 d6 4. exd6 cxd6 5. Bd3 g6 6. Nf3 Bg7 7. 0-0 0-0 8. c3 Nc6 9. Nbd2 e5 10. dxe5 dxe5 11. Nb3 Nb6 12. Be4 Qc7 13. Be3 Be6 14. Qc2 Rac8 15. Nc5 Bd5 16. Rad1 Nd4 17. Nxd4 exd4 18. Bxd4 Bxe4 19. Nxe4 Nc4 20. Nf6+ Kh8 21. Qe4 Nd6 22. Qh4 h6 23. Nd5 1-0

[Event "Kragero op-B"]
[Site "Kragero"]
[Date "2020.02.23"]
[Round "9"]
[White "Opseth, Oliver"]
[Black "Digernes, Mikael"]
[Result "1-0"]
[WhiteElo "1894"]
[BlackElo "1748"]
[PlyCount "99"]
[EventDate "2020.02.19"]
[EventType "swiss"]
[EventRounds "9"]
[EventCountry "NOR"]
[SourceTitle "CBM 195 Extra"]
[Source "ChessBase"]
[SourceDate "2020.05.31"]
[SourceVersion "1"]
[SourceVersionDate "2020.05.31"]
[SourceQuality "1"]

1. e4 c6 2. d4 d5 3. Nc3 dxe4 4. Nxe4 Bf5 5. Ng3 Bg6 6. Nf3 Nd7 7. Bd3 Bxd3 8. Qxd3 Ngf6 9. Bg5 e6 10. 0-0 Be7 11. Rad1 0-0 12. Ne5 h6 13. Bc1 Qc7 14. Rfe1 Rad8 15. Qf3 c5 16. c3 cxd4 17. cxd4 Nd5 18. Nh5 N7f6 19. Bxh6 Nxh5 20. Qxh5 gxh6 21. Qxh6 Bf6 22. Rd3 Bg7 23. Rg3 f6 24. Re4 Rc8 25. Rxg7+ Qxg7 26. Rg4 Qxg4 27. Nxg4 Rf7 28. h4 Rc4 29. h5 Rxd4 30. Qg6+ Kf8 31. h6 Nf4 32. Qc2 Rdd7 33. g3 Rc7 34. Qe4 Nh3+ 35. Kg2 f5 36. Qb4+ Kg8 37. Ne5 Ng5 38. Nxf7 Nxf7 39. Qd4 Nxh6 40. Qd8+ Kf7 41. Qxc7+ Kf6 42. Qxb7 a5 43. b4 axb4 44. Qxb4 e5 45. a4 Nf7 46. a5 Nd8 47. a6 f4 48. gxf4 e4 49. a7 Ke6 50. Qb6+ 1-0

[Event "Kragero op-B"]
[Site "Kragero"]
[Date "2020.02.22"]
[Round "8"]
[White "Digernes, Mikael"]
[Black "Bernstein, Jonas August"]
[Result "1/2-1/2"]
[WhiteElo "1748"]
[BlackElo "1798"]
[PlyCount "122"]
[EventDate "2020.02.19"]
[EventType "swiss"]
[EventRounds "9"]
[EventCountry "NOR"]
[SourceTitle "CBM 195 Extra"]
[Source "ChessBase"]
[SourceDate "2020.05.31"]
[SourceVersion "1"]
[SourceVersionDate "2020.05.31"]
[SourceQuality "1"]

1. e4 c6 2. Nc3 d5 3. Nf3 dxe4 4. Nxe4 Nd7 5. d4 Ngf6 6. Ng3 Qc7 7. Bd3 e6 8. c3 Bd6 9. 0-0 0-0 10. Re1 b6 11. Qc2 Bb7 12. Bg5 h6 13. Bxf6 Nxf6 14. Ne4 Be7 15. Nxf6+ Bxf6 16. Qe2 c5 17. dxc5 Qxc5 18. Nd2 Qc7 19. Be4 Rad8 20. Rad1 Bg5 21. Nc4 Ba6 22. b3 Bf6 23. Rxd8 Rxd8 24. Rd1 Rxd1+ 25. Qxd1 Bxc4 26. bxc4 Qxc4 27. Qc2 Kf8 28. Bd3 Qxc3 29. Qxc3 Bxc3 30. Kf1 Ke7 31. Ke2 Kd6 32. a4 Kc5 33. Bb5 Kb4 34. Kd3 Be5 35. h3 Ba1 36. g4 a6 37. Be8 f5 38. f4 fxg4 39. hxg4 e5 40. f5 b5 41. axb5 axb5 42. Bc6 Ka5 43. Kc2 Kb4 44. Kd3 Kc5 45. Be4 b4 46. Bf3 b3 47. Bd1 b2 48. Bc2 Kb4 49. Bb1 Kb3 50. Kd2 Kc4 51. Ba2+ Kd4 52. Bb1 e4 53. Ke2 Ke5 54. Ke3 h5 55. gxh5 Kxf5 56. h6 gxh6 57. Bxe4+ Kg4 58. Kf2 Kh3 59. Kg1 Kg3 60. Bh7 h5 61. Bb1 h4 1/2-1/2

[Event "Helsingor Xtracon op"]
[Site "Helsingor"]
[Date "2019.07.27"]
[Round "9"]
[White "Jensen, Torben W"]
[Black "Digernes, Mikael"]
[Result "0-1"]
[WhiteElo "1693"]
[BlackElo "1560"]
[PlyCount "62"]
[EventDate "2019.07.20"]
[EventType "swiss"]
[EventRounds "10"]
[EventCountry "DEN"]
[SourceTitle "CBM 191 Extra"]
[Source "ChessBase"]
[SourceDate "2019.09.30"]
[SourceVersion "1"]
[SourceVersionDate "2019.09.30"]
[SourceQuality "1"]

1. d4 Nf6 2. c4 e6 3. Nf3 d5 4. Nc3 Bb4 5. Bd2 Bxc3 6. Bxc3 0-0 7. e3 b6 8. cxd5 Nxd5 9. Bd2 Bb7 10. Rc1 Nd7 11. Bd3 h6 12. 0-0 c5 13. a3 cxd4 14. exd4 N7f6 15. Re1 Re8 16. Bb1 Qd6 17. Ne5 Nd7 18. Bxh6 gxh6 19. Qh5 Nxe5 20. dxe5 Qf8 21. Rc4 Kh8 22. Rg4 Rac8 23. Rg3 Re7 24. Qe2 Nf4 25. Qd2 Nxg2 26. Rh3 Qg7 27. Rxh6+ Kg8 28. Rh7 Qg4 29. h3 Nxe1+ 30. Kf1 Qc4+ 31. Kxe1 Qc1+ 0-1

[Event "Helsingor Xtracon op"]
[Site "Helsingor"]
[Date "2019.07.25"]
[Round "7"]
[White "Brokso, Kim"]
[Black "Digernes, Mikael"]
[Result "1-0"]
[WhiteElo "1732"]
[BlackElo "1560"]
[PlyCount "113"]
[EventDate "2019.07.20"]
[EventType "swiss"]
[EventRounds "10"]
[EventCountry "DEN"]
[SourceTitle "CBM 191 Extra"]
[Source "ChessBase"]
[SourceDate "2019.09.30"]
[SourceVersion "1"]
[SourceVersionDate "2019.09.30"]
[SourceQuality "1"]

1. e4 c6 2. d4 d5 3. e5 Bf5 4. Bd3 Bxd3 5. Qxd3 e6 6. Ne2 Ne7 7. Ng3 Ng6 8. c3 c5 9. a3 Nc6 10. b4 cxd4 11. cxd4 Qb6 12. Ne2 Nh4 13. 0-0 Nf5 14. Bb2 Be7 15. Kh1 h5 16. Nd2 g5 17. Nb3 h4 18. Rac1 g4 19. f4 gxf3 20. Rxf3 Bg5 21. Rcf1 0-0-0 22. Rxf5 exf5 23. Qxf5+ Kb8 24. Qxg5 Qb5 25. Qe3 Rdf8 26. Nc5 Ne7 27. Rf2 b6 28. a4 Qe8 29. Na6+ Kb7 30. b5 Qd7 31. Ba3 Qe6 32. Qg5 Re8 33. Rf6 Qd7 34. Rxf7 Rhg8 35. Rxe7 Qxe7 36. Qxe7+ Rxe7 37. Bxe7 Rc8 38. Bd6 Rc2 39. Ng1 Rc4 40. e6 Rxd4 41. e7 Re4 42. Nc7 Rxe7 43. Bxe7 Kxc7 44. Bxh4 d4 45. Nf3 d3 46. Bg3+ Kb7 47. h4 a6 48. h5 a5 49. h6 d2 50. Nxd2 Kc8 51. h7 Kd7 52. h8Q Ke7 53. Qe5+ Kf7 54. Bh4 Kg8 55. Qf6 Kh7 56. Bg5 Kg8 57. Bh6 1-0

[Event "Helsingor Xtracon op"]
[Site "Helsingor"]
[Date "2019.07.21"]
[Round "2"]
[White "Zemlicka, Vit"]
[Black "Digernes, Mikael"]
[Result "1/2-1/2"]
[WhiteElo "1982"]
[BlackElo "1560"]
[PlyCount "106"]
[EventDate "2019.07.20"]
[EventType "swiss"]
[EventRounds "10"]
[EventCountry "DEN"]
[SourceTitle "CBM 191 Extra"]
[Source "ChessBase"]
[SourceDate "2019.09.30"]
[SourceVersion "1"]
[SourceVersionDate "2019.09.30"]
[SourceQuality "1"]

1. e4 d5 2. exd5 Qxd5 3. Nc3 Qa5 4. d4 Nf6 5. Nf3 Bf5 6. Ne5 e6 7. Nc4 Qb4 8. a3 Qe7 9. Bg5 Nbd7 10. Ne3 h6 11. Bf4 Nb6 12. Nxf5 exf5+ 13. Qe2 0-0-0 14. 0-0-0 Qxe2 15. Bxe2 Nbd5 16. Nxd5 Nxd5 17. Bd2 Bd6 18. g3 Nf6 19. f3 Nd5 20. c4 Nf6 21. Bd3 g6 22. Rhe1 c5 23. d5 Nd7 24. Bc3 Rhe8 25. f4 b6 26. Kd2 Re7 27. Rxe7 Bxe7 28. Re1 Bf6 29. Bxf6 Nxf6 30. h3 Re8 31. Rxe8+ Nxe8 32. g4 fxg4 33. hxg4 Nd6 34. Ke3 Kd7 35. Be2 f5 36. Bd3 Ke7 37. b3 Kf6 38. Kf3 Kg7 39. gxf5 gxf5 40. Kg3 Kg6 41. Kh4 h5 42. Be2 Kh6 43. Bxh5 a5 44. Be2 Ne4 45. Bd3 Nd6 46. Kg3 Kg6 47. Kh3 Kh6 48. Be2 Kg6 49. Kg2 Ne4 50. Bd3 Nd6 51. Be2 Ne4 52. Bd1 Nd6 53. Be2 Ne4 1/2-1/2

[Event "Kragero Grand Prix A"]
[Site "Kragero"]
[Date "2018.09.??"]
[Round "3"]
[White "Kjaras, Alf Marius"]
[Black "Digernes, Mikael"]
[Result "0-1"]
[WhiteElo "1890"]
[BlackElo "1624"]
[PlyCount "73"]
[EventDate "2018.09.18"]
[EventType "swiss"]
[EventRounds "6"]
[EventCountry "NOR"]
[SourceTitle "EXT 2024"]
[Source "ChessBase"]
[SourceDate "2023.10.10"]
[SourceVersion "1"]
[SourceVersionDate "2023.10.10"]
[SourceQuality "1"]

1. d4 Nf6 2. Bf4 d5 3. Nf3 c5 4. e3 Qb6 5. Nc3 Bd7 6. Rb1 e6 7. Be2 Be7 8. 0-0 0-0 9. h3 c4 10. g4 Qa5 11. g5 Ne8 12. e4 b5 13. exd5 b4 14. Ne4 exd5 15. Ng3 Bxh3 16. Re1 Bd6 17. Be5 Nc6 18. Nh5 Bxe5 19. Nxe5 Nxe5 20. dxe5 Rc8 21. f4 Qb6+ 22. Kh2 Bf5 23. Rf1 b3 24. axb3 cxb3 25. cxb3 Bxb1 26. Qxb1 Qxb3 27. Bd3 g6 28. e6 Rc7 29. Rf3 Qb6 30. Qe1 Qxe6 31. Re3 Qg4 32. Be2 Qf5 33. Qh4 gxh5 34. Bd3 Qg4 35. Qf2 Ng7 36. Be2 Rc2 37. Re8 0-1

[Event "NOR-ch U12"]
[Site "Sarpsborg"]
[Date "2018.07.14"]
[Round "9"]
[White "Digernes, Mikael"]
[Black "Salte, Balder"]
[Result "1/2-1/2"]
[WhiteElo "1407"]
[BlackElo "1238"]
[PlyCount "83"]
[EventDate "2018.07.07"]
[EventType "swiss"]
[EventRounds "9"]
[EventCountry "NOR"]
[SourceTitle "EXT 2024"]
[Source "ChessBase"]
[SourceDate "2023.10.10"]
[SourceVersion "1"]
[SourceVersionDate "2023.10.10"]
[SourceQuality "1"]

1. e4 g6 2. d4 Bg7 3. Nc3 d6 4. Be3 Nc6 5. Qd2 e5 6. d5 Nce7 7. f3 f5 8. Bg5 f4 9. Bb5+ Bd7 10. Bxd7+ Qxd7 11. Nge2 h6 12. Bh4 g5 13. Bf2 Nf6 14. h3 h5 15. g3 a6 16. gxf4 gxf4 17. 0-0-0 b6 18. Rdg1 Rg8 19. Rg2 0-0-0 20. Qd3 Kb7 21. Rhg1 Bh6 22. Rxg8 Rxg8 23. Rxg8 Nfxg8 24. Ng1 Ng6 25. Nce2 Nf6 26. Qb3 Nxe4 27. fxe4 f3+ 28. Kb1 fxe2 29. Nxe2 Qf7 30. Qg3 h4 31. Qg2 Nf4 32. Nxf4 Qxf4 33. a3 Qc1+ 34. Ka2 Qxc2 35. Qf3 Bc1 36. Qc3 Qxc3 37. bxc3 Bg5 38. Kb3 a5 39. a4 c5 40. dxc6+ Kxc6 41. Kc4 Bd8 42. Be1 1/2-1/2

[Event "NOR-ch U12"]
[Site "Sarpsborg"]
[Date "2018.07.12"]
[Round "7"]
[White "Skauen, Thomas Kirkholm"]
[Black "Digernes, Mikael"]
[Result "0-1"]
[WhiteElo "1276"]
[BlackElo "1407"]
[PlyCount "56"]
[EventDate "2018.07.07"]
[EventType "swiss"]
[EventRounds "9"]
[EventCountry "NOR"]
[SourceTitle "EXT 2024"]
[Source "ChessBase"]
[SourceDate "2023.10.10"]
[SourceVersion "1"]
[SourceVersionDate "2023.10.10"]
[SourceQuality "1"]

1. e4 c5 2. Nf3 d6 3. d4 cxd4 4. Nxd4 Nf6 5. Nc3 g6 6. Be3 Bg7 7. Bc4 0-0 8. f3 a6 9. 0-0 Nc6 10. Nde2 Ne5 11. Bb3 b5 12. Nd5 Bb7 13. c3 e6 14. Nxf6+ Bxf6 15. Qd2 Qc7 16. Rfd1 Rad8 17. Qc2 d5 18. exd5 Bxd5 19. Bxd5 Rxd5 20. Rxd5 exd5 21. b3 b4 22. Rc1 Rc8 23. Bd4 Nd7 24. Bxf6 Nxf6 25. c4 dxc4 26. Qxc4 Qb6+ 27. Kf1 Rxc4 28. Rxc4 Nd5 0-1

[Event "NOR-ch U12"]
[Site "Sarpsborg"]
[Date "2018.07.10"]
[Round "5"]
[White "Digernes, Mikael"]
[Black "Haug, Havard"]
[Result "1-0"]
[WhiteElo "1407"]
[BlackElo "1335"]
[PlyCount "72"]
[EventDate "2018.07.07"]
[EventType "swiss"]
[EventRounds "9"]
[EventCountry "NOR"]
[SourceTitle "EXT 2024"]
[Source "ChessBase"]
[SourceDate "2023.10.10"]
[SourceVersion "1"]
[SourceVersionDate "2023.10.10"]
[SourceQuality "1"]

1. e4 e5 2. Nf3 Nc6 3. Bc4 d6 4. d3 h6 5. c3 Nf6 6. 0-0 Bg4 7. h3 Bh5 8. Re1 Be7 9. Nbd2 0-0 10. Nf1 Na5 11. Bb5 c6 12. Ba4 Bxf3 13. Qxf3 b5 14. Bc2 Nd7 15. Ng3 Bg5 16. Nf5 Bxc1 17. Raxc1 Qf6 18. b4 Nb7 19. d4 Kh7 20. Qg4 Qg6 21. Qe2 Qf6 22. d5 cxd5 23. Qxb5 dxe4 24. Qxb7 Nb6 25. Qxe4 Kg8 26. Nxd6 g6 27. Qxe5 Qd8 28. Rcd1 Nd7 29. Qe7 Qxe7 30. Rxe7 Nf6 31. Bb3 Rad8 32. Rxa7 Ne8 33. Rxf7 Rxd6 34. Rd7+ Kh8 35. R7xd6 Nxd6 36. Rxd6 Kg7 1-0